[Event "Candidates Tournament"]
[Site "London"]
[Date "2013.03.21"]
[Round "6"]
[White "Svidler, Peter"]
[Black "Carlsen, Magnus"]
[Result "0-1"]
[WhiteElo "2747"]
[BlackElo "2872"]
[Annotator "Szabo,Krisztian"]
[PlyCount "72"]
[EventDate "2013.03.15"]
[EventType "tourn"]
[EventRounds "14"]
[EventCountry "ENG"]
[EventCategory "22"]
[SourceTitle "CBM 154"]
[Source "ChessBase"]
[SourceDate "2013.05.15"]
[SourceVersion "1"]
[SourceVersionDate "2013.05.15"]
[SourceQuality "1"]

1. e4 e5 2. Nf3 Nc6 3. Bb5 a6 4. Ba4 Nf6 5. O-O Be7 6. d3 {A very popular move nowadays. White would like to avoid some critical lines.} b5 (6... d6 {is another main move.}) 7. Bb3 d6 8. a4 b4 ({The other possibilities are} 8... Rb8) ({and} 8... Bd7) 9. Nbd2 O-O 10. a5 Be6 11. Nc4 Rb8 {Both players are following theory. The upcoming positions are considered to be nicely playable for both sides. All the pieces are on the board, which ensures a complicated game where the stronger player might try to outplay his opponent with either colour.} 12. c3 {Svidler had already two games for this. White wants to play d4 at a good moment, but of course, this requires long preparation.} (12. h3 {and}) (12. Re1 {was also tried.}) 12... bxc3 13. bxc3 h6 {Typical prophylaxis against  or g5.} (13... Na7 {looks a little weird and could have been met effectively by} 14. Ng5 $1 Bg4 15. f3 Bh5 (15... Bd7 {would have been met with} 16. f4 $1 $36 {which gives a strong initiative for White.}) 16. Qc2 Nd7 17. Nh3 $1 {Black has managed to avoid the f4 idea, but his bishop on h5 is out of play, while the knight on h3 is just temporarily misplaced, as it will soon be improved through f2.} Kh8 18. Ne3 $14 {Svidler-Sargissian, Ningbo 2011}) 14. Re1 {From the 12th move, White prepares for d4. This time he protects the e4 .} Qc8 {Also a usual move, preparing for d8.} 15. Bc2 $146 {The first novelty of the game, White would like to go back with his knight to e3 and then, d4 finally becomes possible.} (15. Ba3 {is the most common move.}) (15. Ba4 {was played recently in a top game:} Bxc4 16. Bxc6 (16. dxc4 Nxa5 {This is the difference. That is why Svidler went to c2 with his bishop.}) 16... Bb5 17. Bxb5 Rxb5 {and Black's position is completely solid. Leko-Adams, London 2012}) ({RR} 15. Ba4 Bxc4 16. Bxc6 Bb5 17. Bxb5 Rxb5 18. c4 Rb7 19. d4 c5 20. d5 Nh7 21. Qc2 Qd7 22. Bd2 Ng5 23. Nxg5 Bxg5 24. Bc3 h5 25. Ra3 Rfb8 26. h3 g6 27. Kf1 f5 28. Ba1 Kh7 29. Rf3 f4 {Leko,P (2737)-Adams,M (2722) London 2012 ½-½ (47)}) 15... Rd8 {This is the standard setup and the idea of the previous c8 move. Black would like to play f8 and be ready to push d5 at a good moment.} (15... Bxc4 {was also interesting. Black gives up his strong  to destroy White's  structure. It is difficult to judge which factor has bigger importance.} 16. dxc4 Qe6 17. c5 $5 {probably Svidler wanted to play this  sacrifice and play on the light squares. Black is really missing his bishop here, but on the other hand, he is a pawn up.} (17. Qe2 Nd7 $1 {and Black drives his  to c5 and it looks nicely placed.}) 17... dxc5 18. Qe2 Rb5 19. Ba4 (19. Bd3 Rxa5 20. Rxa5 $6 Nxa5 21. Bxa6 $2 c4 22. Bb5 c6 23. Ba4 Nb3 {is forces the take on b3 and Black gains a very unpleasant advanced .}) 19... Rxa5 20. Nd2 {now the  can be trapped.} c4 21. Nxc4 Rc5 22. Bb3 Rb8 {and Black has no problem.}) 16. Qe2 ({In the event of} 16. Ne3 {Black can play immeditely} d5 $1 {with a promising position.}) 16... Bf8 (16... Bxc4 17. dxc4 Nd7 {was an option again, but Carlsen preferred to keep his  pair.}) 17. Ne3 $146 {This seems like an inaccuracy. The last preparation for d4, but this allows Black's strong reply.} ({Immediately} 17. d4 {would have still been too early. Black can play} exd4 18. cxd4 d5 $1 $15 {with a slight advantage.}) ({Probably} 17. h3 {was the best waiting move, because Black also has difficulties finding a useful move.} Bxc4 18. dxc4 Nd7 {similar to the previous line.} 19. Ba4 Ne7 20. Be3 Ng6 {with a double-edged fight.}) ({RR} 17. h3 Re8 18. Ba4 Bd7 19. Ne3 g6 20. Nh2 h5 21. Nf3 Nd8 22. Qa2 Bxa4 23. Qxa4 Ne6 24. Qc4 Bg7 25. Nc2 Qb7 26. Be3 Qb3 27. Na3 Qxc4 28. Nxc4 Rb3 29. Rec1 Reb8 30. Nfd2 R3b7 31. g3 Nd7 {Petkov,M (2441)-Harshita,G (2180) Arandjelovac 2021 ½-½ (58)}) ({RR} 17. h3 Re8 18. Ba4 Bd7 19. Ne3 g6 20. Nh2 h5 21. Nf3 Nd8 22. Qa2 Bxa4 23. Qxa4 Ne6 24. Qc4 Bg7 25. Nc2 Qb7 26. Be3 Qb3 27. Na3 Qxc4 28. Nxc4 Rb3 29. Rec1 Reb8 30. Nfd2 R3b7 31. g3 Nd7 {Petkov,M (2441)-Harshita,G (2180) Arandjelovac 2021 ½-½ (58)}) 17... d5 $1 {Excellent timing by Carlsen. White's last  move left the pressure from the important e5 , so Black can immediately start the action.} 18. exd5 Nxd5 19. Nxd5 Rxd5 {Black keeps the e5 pawn protected and, at the same time, attacks the pawn on a5.} ({Maybe} 19... Bxd5 {was slightly better, as the e5 pawn is not really hanging.} 20. Nxe5 Nxe5 21. Qxe5 Re8 $5 ({Black can also force a draw by} 21... Bxg2 22. Kxg2 Re8 23. Qxe8 Qg4+ 24. Kf1 Qh3+ 25. Kg1 Qg4+ $11) 22. Qxe8 Qg4 $1 {White has to sacrifice his  with} 23. Qe4 $1 (23. Re4 $2 Rxe8 $19) (23. f3 $2 Bxf3 $1 $19) 23... Bxe4 24. Rxe4 {Only Black can be better.}) 20. h3 $2 {This typical move is a mistake. White would like to open the back rank and avoid the pin after g4. The initiative passes to Black and Carlsen does not let it slip away anymore.} (20. d4 $6 {is not so good, because} exd4 21. Qe4 g6 {and Black has avoided everything, White cannot continue the attack. For example:} 22. cxd4 Qd8 23. Ra4 Bb4 $15) (20. Ba4 Rxa5 ({after} 20... Nxa5 21. Nxe5 Nb3 22. Bxb3 Rxb3 23. c4 Rd8 {Black is also OK here.}) 21. Bd2 (21. Bxh6 $6 {White would like to protect the a1  and threaten xc6, but after} Rxa4 $1 22. Rxa4 gxh6 23. Nxe5 Nxe5 24. Qxe5 Bg7 $17 {Black is much better.}) 21... Rc5 22. Bxc6 Rxc6 23. Nxe5 Rcb6 $15 {Thanks to the pair of s and passed , Black looks very nicely placed.}) (20. c4 Rxa5 21. Rxa5 Nxa5 22. Nxe5 Nb3 23. Bb2 c5 $132 {and the  goes to d4.}) (20. Qe4 {is an interesting alternative. White would like to provoke a weakness on the kingside with the threat of d4.} g6 ({On} 20... f5 {White simply answers} 21. Qe2 {and the e5  become vulnerable.}) 21. Ba4 $1 Nxa5 22. Nxe5 Bg7 23. Bf4 $14 {Now the exchange of the a5 pawn for the e5 one favours White. White seems to have an edge here.}) 20... Bf5 $1 {A very strong move! Black prevents d4 and can exert pressure on the d3 weakness and soon, the a5  will be hanging as well.} 21. Rd1 Qe6 22. Bb1 {Svidler tries to activate his  from a2.} Qd7 $1 {Keeping the pressure on the d3 .} (22... Rxa5 {allows some counterplay for White.} 23. Rxa5 Nxa5 24. Ba2 {getting back the e5 .}) 23. Be3 e4 $1 (23... Rxb1 {not the best, because} 24. Raxb1 Bxd3 {and White has} 25. Qa2 $1 {to attack the d5 .} Rxa5 26. Qxa5 $1 Nxa5 27. Nxe5 Qf5 28. Nxd3 {The two  will give unpleasant counterchanches for White.}) 24. Nd4 Nxd4 25. Bxd4 $2 {This allowed a tactical blow, which actually Carlsen judged too risky.} (25. cxd4 {also led to Black's advantage after} exd3 26. Bxd3 Bxd3 27. Qxd3 Rbb5 $1 $15 {White has serious problems with the a5 . Black is clearly better.}) 25... exd3 ({The computer immeditely finds the strong} 25... Bxh3 $1 26. dxe4 (26. gxh3 {is not possible.} Qxh3 27. Be3 Bd6 $1 $19) 26... Rg5 27. g3 {This was the critical position where I think Carlsen missed a winning combination or just did not want to risk a miscalculation. Black wins after a fantastic tactical blow:} Bg4 $1 28. f3 Rb2 $3 29. Qxb2 Bxf3 {and Black has too many threats. xg3, h3 and the simple xd1.} 30. Qf2 (30. Rd3 Rxg3+ 31. Kf2 Rg2+ $19) 30... Bxd1 $19 {with an extra  and a strong attack.}) 26. Bxd3 Bxd3 27. Rxd3 c5 28. Be5 $1 {This was Svidler's plan, when he took back with the  on d4, but unfortunately for him, it does not solve the problems.} Rxd3 29. Bxb8 c4 $1 {A great positional move! Black protects the d3 , fixes c3 and frees the c5 square for his , where it puts very strong pressure on f2. The additional weaknesses on c3 and a5 are too much for White to hold the position.} 30. Be5 (30. Qe1 {was slightly better} Bc5 31. Kh2 {followed by g3.}) 30... Bc5 31. Rb1 Qd5 $1 {Carlsen activates his pieces.} (31... Rd2 {was too early} 32. Qxc4 {and xf2 is only a check. There is no reason for Black to hurry with this plan.}) 32. Rb8+ Kh7 33. Qh5 {Svidler tried the last trap with the threat of h8 xh8 xh6 and mate on g7, but of course, this doesn't work on this level.} (33. Re8 {was the best chance, although Black has various ways to remain better here as well.} Qd7 (33... f5 {is also good to prevent e4.}) 34. Ra8 Qe6 {The following line is forced:} 35. Qe4+ f5 36. Rh8+ $1 Kg6 $1 ({Of course not} 36... Kxh8 $2 37. Bxg7+ $1 $18) 37. Qf4 Rd1+ 38. Kh2 Bxf2 $1 $17 {and Black is better.}) 33... Qe4 $1 {A cool defence against the h8 and it also creates some threats of destroying White's position.} 34. Rb2 (34. Rh8+ Kxh8 35. Qxh6+ Qh7 $1 $19) 34... Rd5 $1 {White cannot avoid losing a piece.} 35. Re2 Qb1+ 36. Kh2 f6 0-1

[Event "Candidates Tournament"]
[Site "London"]
[Date "2013.03.23"]
[Round "7"]
[White "Carlsen, Magnus"]
[Black "Radjabov, Teimour"]
[Result "1/2-1/2"]
[WhiteElo "2872"]
[BlackElo "2793"]
[Annotator "Marin,Mihail"]
[PlyCount "73"]
[EventDate "2013.03.15"]
[EventType "tourn"]
[EventRounds "14"]
[EventCountry "ENG"]
[EventCategory "22"]
[SourceTitle "CBM 154"]
[Source "ChessBase"]
[SourceDate "2013.05.15"]
[SourceVersion "1"]
[SourceVersionDate "2013.05.15"]
[SourceQuality "1"]

1. e4 c5 2. Nf3 Nc6 3. Bb5 e6 4. Bxc6 bxc6 5. b3 {The Anand setup, not easy to handle with White and maybe too complex for the style of Carlsen, who rarely embarks such early battles of principle.} d6 (5... e5 6. Nxe5 Qe7 7. Bb2 (7. d4 d6 {Anand,V (2791)-Gelfand,B (2727)/Moscow 2012/CBM 149/[Stohl,I] (1-0, 77)}) 7... d6 8. Nc4 d5 {Anand,V (2791)-Gelfand,B (2727)/Moscow 2012/CBM 149/[Kritz,L] (1/2, 25)}) 6. O-O ({Radjabov must have felt confident about this position, since he had had it twice recently:} 6. e5 dxe5 7. Nxe5 Qd5 8. Nf3 Qe4+ 9. Kf1 Qf5 10. Nc3 (10. Na3 Nf6 {Grischuk,A (2761)-Radjabov,T (2784)/Moscow 2012/CBM 149/[Kritz,L] (1/2, 41)}) 10... Nf6 11. d3 {McShane,L (2706)-Radjabov,T (2784)/Moscow 2012/CBM 149/[Radjabov] (0-1, 48)}) 6... Ne7 ({It is instructive to followe how a living legend fought for the control on the dark squares by somewhat extravagant means.} 6... e5 7. Re1 g5 8. d3 h6 9. c3 Bg7 10. Na3 Ne7 11. Nc4 O-O 12. Ne3 f5 {This youthful way of playing, with ...f5 and ...g5, yielded Korchnoi many impressive wins throughout his career; the latest remarkable example is his win against Caruana in Gibraltar 2011.} 13. b4 f4 $36 {Boehnisch,M (2374)-Kortschnoj,V (2552)/Velden 2009/CBM 129 Extra (0-1, 40)}) 7. e5 {This is the modern treatment of the problem of the dark squares in the centre. There are other ways, though:} (7. d4 cxd4 8. Qxd4 e5 9. Qe3 f6 10. c4 d5 $132 {Dolmatov,S (2550)-Whitehead,J (2325)/Chicago 1983/EXT 99 (1/2, 43)}) (7. c3 Ng6 8. d4 {Becerra Rivero,J (2480)-Blanco Fernandez,A (2345)/Havana 1994/EXT 97 (1/2, 61)} cxd4 9. cxd4 Ba6 10. Qc2 Rc8 11. Rd1 Be7 12. Nc3 Qa5 $132) ({RR} 7. Re1 Ng6 8. Na3 Be7 9. Nc4 O-O 10. e5 d5 11. Ne3 f6 12. Bb2 a5 13. a4 Rb8 14. d3 Qc7 15. Ng4 f5 16. Ne3 Bd7 17. Qc1 Be8 18. Nf1 Nh8 19. Ba3 Nf7 20. Qe3 Qb6 21. Qd2 Rb7 {Nepomniachtchi,I (2721)-Radjabov,T (2713) Beijing 2013 0-1 (59)}) 7... Ng6 8. exd6 Bxd6 (8... e5 {may define the central structure too soon:} 9. Na3 Bxd6 10. Nc4 $14) 9. Nc3 {Maybe this move is not bad, but in the game Carlsen will not manage to justify this way of developing the knight. So, I do not know whether to attach the question mark to the last move or simply to the whole of the following sequence.} (9. d4 {remains an alternative:} cxd4 $140 10. Qxd4 O-O 11. Ba3) ({but} 9. Na3 O-O 10. Nc4 {looks more flexible. True, without a pawn on e5, Black can play} Be7 {keeping c5 well defended and followed by ...f6 and ...e5 later.}) 9... e5 $146 ({RR} 9... O-O 10. d3 e5 11. Nd2 f5 12. Nc4 Bc7 13. Be3 Qh4 14. Bxc5 Rf6 15. Qe1 Qh6 16. f3 Be6 17. Bd6 Bxd6 18. Nxd6 Bd5 19. Nc4 Re8 20. Kh1 Qh5 21. Qe3 Nh4 22. Nd2 Rg6 23. Rf2 f4 24. Qc5 {Zhu,J (2525)-Vaishali,R (2484) Pune IND 2025 1-0 (41)}) 10. Re1 O-O 11. d3 f5 $1 {The start of a courageous plan; Black does not fear any ghosts. Black has two relatively weak pawns, on c5 and e5, but he can defend them well enough. White seems to have comfortable play, but soon he will end up short of constructive plans.} 12. Ba3 Be6 13. Na4 Qe7 14. c4 Rad8 15. Qe2 Bc8 {Black has completed his superb regrouping plan and is ready to launch the attack. It looks as if the colours have been switched, since it is Black who dictates the events after the opening. Having been outplayed, White needs some tactical inventiveness to stay in the game, but he will fail here, too.} 16. Qe3 {Not a good square and area for the queen, that goes without saying.} (16. Rad1 Nf4 (16... e4 17. dxe4 fxe4 18. Qxe4 Qxe4 19. Rxe4 Bxh2+ 20. Kxh2 Rxd1 21. Bxc5 $44) 17. Qc2 Rde8 $36) 16... f4 $5 {[%cal Gc8g4] Not the only possible plan.} (16... Nf4 17. Bb2 (17. Bxc5 Nxd3 18. Qxd3 Bxc5 19. Qc3 e4 20. Ne5 Bd6 21. Nxc6 Qc7 22. Nxd8 Bxh2+ 23. Kf1 Be5) (17. Nxe5 Nxg2 18. Kxg2 f4 19. Qe4 Bxe5 20. Qxe5 Qh4 21. Bb2 Qh3+ 22. Kg1 Rf6 $19) 17... e4 18. dxe4 fxe4 19. Qxe4 Nh3+ 20. Kf1 Qg5 $5 21. Re2 (21. Nxg5 Rxf2#) (21. Re3 Nxf2 22. Kxf2 Bxh2 $40) 21... Rxf3 22. Qxf3 Bg4 $40) 17. Qe4 $6 {Playing with fire again. This square is supposed to be left available for the knight.} (17. Qe2 Bg4 18. h3 Bh5 19. Qe4 {At least now there is some stability for the queen in the centre.}) 17... Kh8 {Unnecessarily cautious, but good enough. The attack is very much on still.} (17... Rf5 $5 18. Rad1 Nh4 (18... Rh5 19. d4 cxd4 20. Nxd4) 19. h3 Rh5 20. Nxh4 Qxh4 21. Qf3 Rg5 22. Kf1 Rf8 $40 {...f6, ...g3, ...xg2!?}) 18. Rad1 Bg4 19. Rd2 Bxf3 {The problem with this plan is that White has chances to consolidate on the light squares if he does not get killed by the attack.} 20. Qxf3 Nh4 21. Qe4 $2 {But this loses at once, or should have done so...} ({He should have defended the h3-c8 diagonal with} 21. Qg4 {, although the position reemains dangerous after} Rf5 $40 {...df8, ...h5}) 21... f3 22. g3 Ng2 $19 23. Nc3 (23. Red1 Qe6 $19 {[%cal Ge6h3]}) 23... Qe6 $2 {Offering White an unexpected chance to stay in the game.} (23... Nxe1 24. Qxe1 Bc7 {[%cal Gc7a5]} 25. d4 Qf7 $19 {Black is an exchange up and keeps mating threats. I doubt that even a player with Carlsen's survival skills would have continued playing on in this position.}) 24. Re3 $3 $17 {[%csl Gf3]} Nxe3 25. fxe3 {Suddenly, White has got some space and stability on the light squares. He should lose, of course, but Black still needs to find a constructive plan for breaking open the fortress.} f2+ $2 $15 {Hallucinating. There is no attack after this and White is more or less OK with one pawn for the exchange.} 26. Rxf2 Rxf2 27. Kxf2 Rf8+ 28. Ke2 Qh3 29. Qh1 Be7 30. Ne4 Qg4+ 31. Kd2 Qh3 32. Ke2 h5 33. Bb2 Qg4+ 34. Kd2 Qh3 35. Ke2 Qg4+ 36. Kd2 Qh3 37. Ke2 1/2-1/2